UM Logo

The RFBT reviewer : (Record no. 19187)

MARC details
000 -LEADER
fixed length control field 00661nam a2200169 4500
008 - FIXED-LENGTH DATA ELEMENTS--GENERAL INFORMATION
fixed length control field 240216b ||||| |||| 00| 0 eng d
082 ## - DEWEY DECIMAL CLASSIFICATION NUMBER
Classification number DFil 657
Item number So688 2022
100 ## - MAIN ENTRY--PERSONAL NAME
Personal name Soriano, Nickolai.
9 (RLIN) 52598
245 ## - TITLE STATEMENT
Title The RFBT reviewer :
Remainder of title for licensure examination for CPAs /
Statement of responsibility, etc. Nickolai Soriano, Kenneth Manuel and Reginald Laco.
250 ## - EDITION STATEMENT
Edition statement 2022 edition.
260 ## - PUBLICATION, DISTRIBUTION, ETC. (IMPRINT)
Place of publication, distribution, etc. Philippines :
Name of publisher, distributor, etc. [Manufacturer not identified],
Date of publication, distribution, etc. ©2022.
300 ## - PHYSICAL DESCRIPTION
Extent xx, 899 pages :
Other physical details illustrations ;
Dimensions 23 cm.
650 ## - SUBJECT ADDED ENTRY--TOPICAL TERM
Topical term or geographic name as entry element Accounting examination
General subdivision Study guides.
9 (RLIN) 52599
700 ## - ADDED ENTRY--PERSONAL NAME
Personal name Manuel, Kenneth
Relator term author.
9 (RLIN) 52600
700 ## - ADDED ENTRY--PERSONAL NAME
Personal name Laco, Reginald
Relator term author.
9 (RLIN) 52601
942 ## - ADDED ENTRY ELEMENTS (KOHA)
Source of classification or shelving scheme Dewey Decimal Classification
Koha item type Filipiniana
Holdings
Withdrawn status Lost status Source of classification or shelving scheme Damaged status Not for loan Collection code Home library Current library Shelving location Date acquired Source of acquisition Total Checkouts Full call number Barcode Date last seen Date last checked out Price effective from Koha item type
    Dewey Decimal Classification     Filipiniana UM Digos College - LIC UM Digos College - LIC Book Cart 02/16/2024 Donation 50 DFil 657 So688 2022 27779 02/02/2026 01/30/2026 02/16/2024 Reserve